000 02127nam a2200433 i 4500
003 DO-SdBNP
005 20260317111124.0
007 ta
008 240611s2023 dr bd r 000 0 spa d
020 _a9789945634143
040 _aDO-SdBNP
_bspa
_cBNPHU
_erda
041 _aspa
082 4 _a331.62097293
_bL925m 2023
_222
100 1 _aLozano, Wilfredo,
_d1950-
_eautor
_4aut.
_97126
245 1 0 _aMigración internacional y economía cafetalera :
_bestudio sobre la migración estacional de trabajadores haitianos hacia la cosecha cafetalera en la República Dominicana /
_cWilfredo Lozano, Franc Báez Evertsz ; presentación, Samuel Pereyra Rojas ; prólogo, Max Puig.
250 _atercera edición
264 4 _aSanto Domingo, República Dominicana :
_bInstituto Nacional de Migración;
_bBanco de Reservas de la República Dominicana,
_c©2023.
300 _a228 páginas :
_bilustraciones, mapas, gráficos ;
_c23 cm.
336 _atexto
_btxt
_2rdacontent
337 _asin mediación
_bn
_2rdamedia
338 _avolumen
_bnc
_2rdacarrier
490 1 _aClásicos de la migración dominicana
500 _aIncluye datos biográficos de los autores en la solapa de la cubierta.
500 _aIncluye índice onomástico.
500 _aIncluye un cuestionario que forma parte de un estudio de carácter científico.
504 _aBibliografías: página 219-226
590 _aInventariado, 2024/ YL
650 4 _aAgricultura
_xAspectos económicos
_zRepública Dominicana
_91508
_2LEMB
650 4 _aTrabajadores agrícolas
_zRepública Dominicana
_98414
_2LEMB
650 7 _aMercado de trabajo
_zRepública Dominicana
_2LIBRUNAM
_919058
650 4 _aRecursos humanos
_xHaitianos
_zRepública Dominicana
_923280
_2LEMB
651 4 _aRepública Dominicana
_xEmigración e inmigración
_9290
651 4 _aHaíti
_xEmigración e inmigración
_923281
700 1 _aBáez Evertsz, Franc,
_d 1948-2016
_eautor
_4aut.
_955030
700 1 _aPereyra Rojas, Samuel,
_epresentación
_4pr.
_983007
700 1 _aPuig, Max,
_eprologuista
_4pr.
_935839
910 _aYLockward/Validado. Control de calidad MFF
942 _2ddc
_cLBS1
999 _c56804
_d56804